¿Cómo nacen los objetos?

Bibliographic Details
Main Author: Munari, Bruno
Format: Section = Libro
Language:Undetermined
Spanish
Published: Barcelona Gustavo Gili 1985
Edition:2a.ed.
Subjects:
LEADER 00531nam a2200217Ia 4500
008 240829s9999 xx 000 0 und d
020 |a 84-252-1154-9 
040 |a BIBLIOTECA-RUSB/ 604.2 M963 
041 |a spa 
082 |a 604.2 M963 
100 1 |a Munari, Bruno 
245 1 0 |a ¿Cómo nacen los objetos? 
250 |a 2a.ed. 
260 |a Barcelona  |b Gustavo Gili  |c 1985 
300 |a 385 p. :il. 
650 7 |a DISEÑO 
650 7 |b  DECORACION 
650 7 |c  METODOLOGIA PROYECTUAL 
942 |c BK  |2 ddc 
991 |a TEXTO 
999 |c 2642